000 00390cam a2200169 4500
001 M709
008 090401t1959 xxu||||| |||| 00| 0 eng d
035 _a(Sirsi) u4999
041 _aeng
110 _aUnited Kingdom
_kLaws, etc
_95044
245 _aNew Towns Act, 1959.
260 _aLondon
_bHMSO
_c1959
300 _a20p. ; 25cm.
350 _a0.07
942 _n0
948 _c04/03/1997
999 _c86102
_d86102